Normal view
MARC view
Entry Corporate Name
001 - CONTROL NUMBER
- control field: 25633
003 - CONTROL NUMBER IDENTIFIER
- control field: UA-OsUOA
005 - DATE AND TIME OF LATEST TRANSACTION
- control field: 20260622115303.0
008 - FIXED-LENGTH DATA ELEMENTS
- fixed length control field: 260622|| aca||aabn | a|a d
040 ## - CATALOGING SOURCE
- Original cataloging agency: UA-OsUOA
- Transcribing agency: UA-OsUOA
110 ## - HEADING--CORPORATE NAME
- Corporate name or jurisdiction name as entry element: Міністерство культури і мистецтв України
- Subordinate unit: Національна Парламентська бібліотека України
- Subordinate unit: Інститут літератури ім. Т. Шевченка НАН України
670 ## - SOURCE DATA FOUND
- Source citation: Work cat.: (UA-OsUOA)580916: Міністерство культури і мистецтв України Національна Парламентська бібліотека України Інститут літератури ім. Т. Шевченка НАН України, Валерій Шевчук: "Мав дерзновення бути самим собою", 2002